Financial Management (Record no. 3501)

MARC details
005 - DATE AND TIME OF LATEST TRANSACTION
control field 20250609120832.0
020 ## - INTERNATIONAL STANDARD BOOK NUMBER
International Standard Book Number 978-0-324-67848-2
082 ## - DEWEY DECIMAL CLASSIFICATION NUMBER
Classification number LECT 658.15 BOO
100 ## - MAIN ENTRY--PERSONAL NAME
Author name BOONEL, L. E.
245 ## - TITLE STATEMENT
Title Financial Management
260 ## - PUBLICATION, DISTRIBUTION, ETC.
Place of publication, distribution, etc. Ohio,
Name of publisher, distributor, etc. Cengage Learning,
Date of publication, distribution, etc. 2008.
300 ## - PHYSICAL DESCRIPTION
Extent 349p.: ill.; chart, figure, table
Other physical details Glossary
Dimensions 28cm.
700 ## - ADDED ENTRY--PERSONAL NAME
Other authors/Editors LASHER, W. R., KURTZ, D. L. & HEARTH, D.
942 ## - ADDED ENTRY ELEMENTS (KOHA)
Source of classification or shelving scheme Dewey Decimal Classification
Koha item type Books
Holdings
Date last seen Total checkouts Full call number Barcode Cost, replacement price Price effective from Koha item type Lost status Source of classification or shelving scheme Damaged status Not for loan Withdrawn status Home library Current library Shelving location Date acquired Cost, normal purchase price
06/09/2025   LECT 658.15 BOO 00000011702 150000.00 06/09/2025 Books   Dewey Decimal Classification       College of Business Education Main Library College of Business Education Main Library General Collection 11/28/2014 50000.00